| 000 | 00551nam a22001937a 4500 | ||
|---|---|---|---|
| 005 | 20210426095546.0 | ||
| 008 | 210210s1964 ||||| |||| 00| 0 eng d | ||
| 040 |
_aeng _cDLC |
||
| 041 | _aeng | ||
| 080 |
_a821.111 _bL-36 |
||
| 100 |
_aLathen.Emma _9504 |
||
| 245 |
_aAccounting for Murder _c/ by: The Macmillan Company |
||
| 260 |
_aNew York _bThe Macmillan Company _c1964 |
||
| 300 | _a186 p. | ||
| 365 | _b3.95 usd | ||
| 650 | 0 |
_9254 _aEnglish literature |
|
| 653 | _aინგლისური ლიტერატურა | ||
| 942 |
_2udc _cBK |
||
| 999 |
_c1308 _d1308 |
||